| Поле | Название | Значение |
| |
Тип записи |
a |
| |
Библиографический уровень |
m |
| 001 |
Контрольный номер |
RU/SLIB/B/208741783 |
| 005 |
Дата корректировки |
20231024141900.5 |
| 010 |
Индекс ISBN |
__ |
| d |
Цена |
5000-00, 2-00 |
| 101 |
Язык документа |
0_ |
| a |
Язык текста |
rus |
| 200 |
Заглавие и сведения об ответственности |
0_ |
| a |
Заглавие |
Избранные педагогические сочинения |
| f |
Первые сведения об ответственности |
Водовозов В. И. ; сост., авт. вступ. ст. В. С. Аранский |
| b |
Общее обозначение материала |
Текст |
| 210 |
Выходные данные |
1_ |
| a |
Место издания |
М. |
| c |
Издательство |
Педагогика |
| d |
Дата издания |
1986 |
| 215 |
Физическое описание |
__ |
| a |
Объем |
480 с. |
| 225 |
Серия |
2_ |
| a |
Серия |
Педагогическая библиотека |
| 600 |
Персоналии |
_1 |
| a |
Персоналии (Фамилия) |
Водовозов, В. И. |
| 606 |
Тематические рубрики |
__ |
| a |
Основная рубрика |
Образование. Педагогика |
| z |
Хронологическая подрубрика |
19 в. |
| 606 |
Тематические рубрики |
__ |
| a |
Основная рубрика |
История образования |
| 610 |
Ключевые слова |
0_ |
| a |
Ключевые слова |
педагогическая мысль; начальное образование; среднее образование; история педагогики |
| 686 |
Индексы других классификаций |
__ |
| a |
Классификационный индекс |
74.03(2)5; В74 |
| 700 |
Автор |
_1 |
| a |
Фамилия |
Водовозов |
| b |
Имя |
В. И. |
| 4 |
Код отношения |
070 |
| 702 |
Вторичная интеллектуальная ответственность |
_1 |
| a |
Фамилия |
Аранский |
| b |
Имя |
В. С. |
| 4 |
Код отношения |
Составитель |
| 801 |
Источник записи |
_0 |
| a |
Страна |
RU |
| b |
Организация |
Муниципальное бюджетное учреждение культуры "Централизованная библиотечная система" г. Сургут (Центральная городская библиотека им. А. С. Пушкина) |
| g |
Правила каталогизации |
КиК/Уланова |
| 801 |
Источник записи |
_1 |
| a |
Страна |
RU |
| b |
Организация |
Муниципальное бюджетное учреждение культуры "Централизованная библиотечная система" г. Сургут (Центральная городская библиотека им. А. С. Пушкина) |
| g |
Правила каталогизации |
КиК/Уланова |
| 852 |
Данные о местонахождении |
__ |
| j |
Шифр хранения |
74.03(2)5 |
| c |
Каталожный индекс |
74.03(2) |
| i |
Авторский знак |
В 62 |
| p |
Инвентарный номер |
61098, 27594 |
| 901 |
Тип документа |
__ |
| t |
Тип документа |
m |
| 990 |
Данные о заказе (DOS) |
__ |
| j |
Количество экземпляров (DOS) |
1; 3 |
| t |
N записи в КСУ для И/У (DOS) |
199701; 199101 |